Detalles MARC
| 000 -LEADER |
| campo de control de longitud fija |
02284cam a22003254i 4500 |
| 003 - IDENTIFICADOR DE NÚMERO DE CONTROL |
| campo de control |
PE-LiUPU |
| 005 - FECHA Y HORA DE LA ÚLTIMA TRANSACCIÓN |
| campo de control |
20250731183418.0 |
| 008 - DATOS DE LONGITUD FIJA--INFORMACIÓN GENERAL |
| campo de control de longitud fija |
150625s r 000 0 d |
| 040 ## - FUENTE DE CATALOGACIÓN |
| Lengua de catalogación |
spa |
| Centro/agencia transcriptor |
PE-LiUPU |
| Normas de descripción |
rda |
| Centro/agencia modificador |
PE-LiUPU |
| 082 04 - NÚMERO DE LA CLASIFICACIÓN DECIMAL DEWEY |
| Número de clasificación |
780.9 |
| Cutter |
C827h |
| Número de edición |
21 |
| 100 1# - ENTRADA PRINCIPAL--NOMBRE DE PERSONA |
| Nombre de persona |
Corte, A. Della, |
| Término indicativo de función/relación |
autor. |
| 245 10 - MENCIÓN DEL TÍTULO |
| Título |
Historia de la musica / |
| Mención de responsabilidad, etc. |
A. Della Corte. |
| 264 #1 - PRODUCCIÓN, PUBLICACIÓN, DISTRIBUCIÓN, FABRICACIÓN Y COPYRIGHT |
| Producción, publicación, distribución, fabricación y copyright |
Spain : |
| Nombre del de productor, editor, distribuidor, fabricante |
Labor S.A, |
| Fecha de producción, publicación, distribución, fabricación o copyright |
1965. |
| 300 ## - DESCRIPCIÓN FÍSICA |
| Extensión |
3 tomos : |
| Otras características físicas |
ilustraciones, fotos, dibujos ; |
| Dimensiones |
26 cm. |
| 336 ## - TIPO DE CONTENIDO |
| Término de tipo de contenido |
text |
| Fuente |
rdacontent |
| 337 ## - TIPO DE MEDIO |
| Nombre/término del tipo de medio |
unmediated |
| Fuente |
rdamedia |
| 338 ## - TIPO DE SOPORTE |
| Nombre/término del tipo de soporte |
volume |
| Fuente |
rdacarrier |
| 505 0# - NOTA DE CONTENIDO CON FORMATO |
| Título |
Tomo 1: |
| Nota de contenido con formato |
EL PRIMER MILENIO. EL PRERRENACIMIENTO. EL SIGLO XV -- El arte cristiano -- El arte profano -- EL PRERRENACIMIENTO Y EL RENACIMIENTO -- La polifonía desde sus orígenes al siglo XIII -- La polifonía en el siglo XIV. El "Ars Nova" -- Borgoña, Flandes y España en el siglo XV -- La música profana, vocal e instrumental, en los siglos XV y XVI -- El siglo XVI -- La música teatral en los siglos XV y XVI -- EL SIGLO XVIII -- El siglo XVII en Italia -- El teatro en Francia -- Los músicos italianos y la ópera en los países alemanes.<br/><br/> |
| 505 0# - NOTA DE CONTENIDO CON FORMATO |
| Título |
Tomo 2: |
| Nota de contenido con formato |
El teatro en Inglaterra -- El teatro en España -- La música religiosa -- La música de cámara -- La música instrumental -- Perfiles del barroco en Italia -- EL SIGLO XVIII -- Juan Sebastián Bach -- Georg Friedrich Haendel -- El teatro -- Cantatas y arietas -- Manifestaciones de la música religiosa -- Hacia la sinfonía -- Del clave al piano -- El "concierto" y las escuelas violinísticas -- Franz Joseph Haydn -- Wolfgang Amadeus Mozart |
| 505 0# - NOTA DE CONTENIDO CON FORMATO |
| Título |
Tomo 3: |
| Nota de contenido con formato |
EL SIGLO XIX -- Beethoven. El romanticismo. La música instrumental -- Ludwig van Beethoven -- La lírica vocal de cámara en Europa -- La música instrumental -- EL SIGLO XX -- El teatro y la música sagrada -- La ópera en Italia El teatro en Aleman ia -- La ópera en Francia -- La ópera en Rusia -- El teatro en otros países europeos -- Oratorios, misas, requiem -- La música en América - Ideas y músicas. |
| 526 ## - NOTA DE INFORMACIÓN SOBRE EL PROGRAMA DE ESTUDIO |
| Nombre del programa |
Maestría Bim Facility Management (A distancia) |
| 526 ## - NOTA DE INFORMACIÓN SOBRE EL PROGRAMA DE ESTUDIO |
| Nombre del programa |
|
| 526 ## - NOTA DE INFORMACIÓN SOBRE EL PROGRAMA DE ESTUDIO |
| Nombre del programa |
Educación musical y artes |
| 526 ## - NOTA DE INFORMACIÓN SOBRE EL PROGRAMA DE ESTUDIO |
| Nombre del programa |
Educación, especialidad educación física |
| 526 ## - NOTA DE INFORMACIÓN SOBRE EL PROGRAMA DE ESTUDIO |
| Nombre del programa |
Arquitectura |
| 650 14 - PUNTO DE ACCESO ADICIONAL DE MATERIA--TÉRMINO DE MATERIA |
| Término de materia o nombre geográfico como elemento de entrada |
Música |
| Subdivisión general |
Historia. |
| 9 (RLIN) |
2273 |
| 942 ## - ELEMENTOS DE ENTRADA SECUNDARIOS (KOHA) |
| Fuente del sistema de clasificación o colocación |
Clasificación Decimal Dewey |
| Tipo de ítem Koha |
Libros físicos |
| 980 ## - EQUIVALENCIA O REFERENCIA-CRUZADA-MENCIÓN DE SERIE--NOMBRE DE PERSONA/TÍTULO [LOCAL, CANADÁ] |
| ID del último usuario que modificó el registro |
1 |
| Nombre del último usuario que modificó el registro |
ALBERTO SANCHEZ Responsable de Automatización |